| 000 | 01701nam a22002657a 4500 | ||
|---|---|---|---|
| 999 |
_c62349 _d62349 |
||
| 003 | Ge_BSU | ||
| 005 | 20241008154941.0 | ||
| 008 | 241008s2024 ge ||||| |||| 00| 0 geo d | ||
| 020 | _a9789941988844 | ||
| 041 | _ageo | ||
| 080 | _a726:27--523.4(=353.1)(560) ბ-29 | ||
| 245 |
_aბასიანი : _bკულტურის ძეგლების კატალოგი / _cავტორები :თეიმურაზ ხუციშვილი, ნოდარ არონიშიძე, დავით გაჩეჩილაძე და სხვ. |
||
| 264 |
_aთბილისი : _b კავკასიის უნივერსიტეტის გამომცემლობა, _c 2024. |
||
| 300 |
_a200 გვ. : _bფოტ. ; _c29 სმ. |
||
| 500 | _aთავფურცლის მე-2 გვერდი ინგლისურ ენაზე. | ||
| 501 | _aგარეკანი და ტექსტი ქართულ და ინგლისურ ენებზე. | ||
| 504 | _aბიბლიოგრაფია: გვ. 195-199. | ||
| 653 | _aქართული ეკლესიები თურქეთში | ||
| 700 |
_aხუციშვილი, თეიმურაზ _eავტორი _95232 |
||
| 700 |
_a არონიშიძე, ნოდარ _eავტორი _923349 |
||
| 700 |
_a გაჩეჩილაძე, დავითდა სხვ. _eავტორი _923350 |
||
| 773 | _tნაჩუქარი | ||
| 856 |
_uhttps://dspace.nplg.gov.ge/bitstream/1234/491921/1/BasianiKulturisDzeglebisKatalogi.pdf _yე. ვერსია |
||
| 942 |
_2udc _cᲬᲘᲒᲜᲘ |
||